| 000 | 01190cam a2200265 4500 | ||
|---|---|---|---|
| 001 | ABS63182 | ||
| 008 | 000000n2000 000 0 eng u | ||
| 035 | _a(Sirsi) u109305 | ||
| 100 | _aSmith, S. | ||
| 245 | _aFrench property: excellent value for money or trap for the unwary? | ||
| 260 | _c2000 | ||
| 490 |
_aFarm Tax Brief _v15(9) October 2000, 69-71(3) |
||
| 520 | _aLooks at the practicalities of investing in the French property market. Highlights key differences between the French and English house buying systems, and advises that buyers of French property should be aware of additional legal fees, estate agent's commission, and service charges in addition to the distinctive French contracts. Concludes that a purchase should not be considered until advice has been sought on inheritance and French taxes. | ||
| 590 | _aABS | ||
| 650 | _aFRANCE | ||
| 650 | _aLEGAL SYSTEM | ||
| 650 | _aFEES | ||
| 650 |
_aContracts _96232 |
||
| 650 | _aHOLIDAY HOMES | ||
| 650 | _aPROPERTY PURCHASE | ||
| 650 | _aOVERSEAS PROPERTY | ||
| 650 | _aPROPERTY-RESIDENTIAL PROPERTY-ACQUISITION AND DISPOSAL OF RESIDENTIAL PROPERTY | ||
| 690 | _aINTERNATIONAL-EUROPE | ||
| 942 | _n0 | ||
| 999 |
_c65240 _d65240 |
||